| 000 | 00453nam a22001577a 4500 | ||
|---|---|---|---|
| 003 | PILC | ||
| 005 | 20150112093447.0 | ||
| 008 | 131014t xxu||||| |||| 00| 0 eng d | ||
| 020 | _a9780600620426 | ||
| 050 |
_aPC 2640 _b.L332 2009 |
||
| 082 |
_aR 641.3003 _bL32 2009 |
||
| 245 |
_aLarousse : _bCastronomique / |
||
| 260 |
_aLarousse Paris ; _bOctopus Publishing Group Ltd. _xyz2009. |
||
| 300 |
_a1206 pages : _billustration ; _c28 cm. |
||
| 942 |
_2lcc _cBK |
||
| 999 |
_c14962 _d14962 |
||